X Answers Quiz - Statistics

General Stats
  • This quiz has been taken 65,047 times
    53,393 since last reset
  • The average score is 10 of 17
Answer Stats
Clue Answer % Correct
Microsoft game console Xbox
97%
Another name for Christmas Xmas
97%
Musical instrument Xylophone
95%
Fear of foreigners Xenophobia
81%
Element and noble gas Xenon
76%
Copy machine company Xerox
75%
Long-time FC Barcelona star Xavi
70%
TV's warrior princess Xena
62%
Drug used to treat anxiety disorder Xanax
60%
Professor X's last name Xavier
55%
Great king of Persia Xerxes
54%
Ancient Chinese capital, formerly called Chang'an Xi'an
41%
Kublai Khan's capital or Citizen Kane's estate Xanadu
33%
Gum used as a thickening agent Xanthan
33%
Rapper and host of "Pimp My Ride" Xzibit
29%
Galactic overlord who killed Thetans, according to Scientology lore Xenu
14%
Web comic that seriously answers hypothetical questions xkcd
13%
No matching quizzes found
Score Distribution
Percent of People with Each Score
Percentile by Number Answered
Your Score History
You have not taken this quiz since the last reset